Air sampling reveals high emissions from gas field:Methane leaks during production may offset climate benefits of natural gas (Record no. 54019)

MARC details
000 -LEADER
fixed length control field 00405nam a2200133Ia 4500
100 ## - MAIN ENTRY--AUTHOR NAME
Personal name Tollefson Jeff
245 #0 - TITLE STATEMENT
Title Air sampling reveals high emissions from gas field:Methane leaks during production may offset climate benefits of natural gas
260 ## - PUBLICATION, DISTRIBUTION, ETC. (IMPRINT)
Name of publisher Nature
Year of publication 2012
300 ## - PHYSICAL DESCRIPTION
Number of Pages 139-140
650 ## - SUBJECT ADDED ENTRY--TOPICAL TERM
Topical Term Climate change
650 ## - SUBJECT ADDED ENTRY--TOPICAL TERM
Topical Term NOAA
942 ## - ADDED ENTRY ELEMENTS (KOHA)
Koha item type Journals
Holdings
Withdrawn status Lost status Damaged status Not for loan Home library Current library Date acquired Serial Enumeration / chronology Koha item type
      Journals RRII Library RRII Library 03/05/2014 Volume 482, Issue 7384 Journals